AH International Schools' Libraries

The mystery of children : (Record no. 49836)

MARC details
000 -LEADER
fixed length control field 00956nam a2200265 4500
008 - FIXED-LENGTH DATA ELEMENTS--GENERAL INFORMATION
fixed length control field 010105s2001 cou b 000 0 eng
010 ## - LIBRARY OF CONGRESS CONTROL NUMBER
LC control number 2001017538
020 ## - INTERNATIONAL STANDARD BOOK NUMBER
International Standard Book Number 1578564220
020 ## - INTERNATIONAL STANDARD BOOK NUMBER
International Standard Book Number 9781578564224
020 ## - INTERNATIONAL STANDARD BOOK NUMBER
International Standard Book Number 9781573834124
035 ## - SYSTEM CONTROL NUMBER
System control number 12270328
040 ## - CATALOGING SOURCE
Original cataloging agency DLC
Transcribing agency DLC
Modifying agency DLC
042 ## - AUTHENTICATION CODE
Authentication code pcc
050 00 - LIBRARY OF CONGRESS CALL NUMBER
Classification number BV4529
Item number .M365 2001
082 00 - DEWEY DECIMAL CLASSIFICATION NUMBER
Classification number 248.8/45
Edition number 21
100 ## - MAIN ENTRY--PERSONAL NAME
Personal name Mason, Mike,
Relator term author.
9 (RLIN) 86977
245 14 - TITLE STATEMENT
Title The mystery of children :
Remainder of title what our kids teach us about childlike faith /
Statement of responsibility, etc Mike Mason.
260 ## - PUBLICATION, DISTRIBUTION, ETC. (IMPRINT)
Name of publisher, distributor, etc Regent College Publishing:
Date of publication, distribution, etc July 7, 2007.
300 ## - PHYSICAL DESCRIPTION
Extent xv, 255 p. ;
Dimensions 21 cm.
504 ## - BIBLIOGRAPHY, ETC. NOTE
Bibliography, etc Includes bibliographical references (p. 255).
650 #0 - SUBJECT ADDED ENTRY--TOPICAL TERM
Topical term or geographic name as entry element Parents
General subdivision Religious life.
9 (RLIN) 86978
856 42 - ELECTRONIC LOCATION AND ACCESS
Materials specified Contributor biographical information
Uniform Resource Identifier <a href="http://www.loc.gov/catdir/bios/random053/2001017538.html">http://www.loc.gov/catdir/bios/random053/2001017538.html</a>
856 42 - ELECTRONIC LOCATION AND ACCESS
Materials specified Publisher description
Uniform Resource Identifier <a href="http://www.loc.gov/catdir/description/random041/2001017538.html">http://www.loc.gov/catdir/description/random041/2001017538.html</a>
942 ## - ADDED ENTRY ELEMENTS (KOHA)
Source of classification or shelving scheme
Koha item type Book
Holdings
Withdrawn status Lost status Source of classification or shelving scheme Damaged status Not for loan Home library Current library Date acquired Total Checkouts Full call number Barcode Date last seen Price effective from Koha item type
          Logos International School Logos International School 12/03/2025   248.8 MAS 040735 12/15/2025 12/03/2025 Book

For any Logos Library related questions please contact Miss Art at swongnarasuk@asianhope.org.

For any Asian Hope Library related questions please contact Miss Raza at graza@asianhope.org.

Click here to explore our ebooks!

Powered by Koha